Proyecto para el mejoramiento de la calidad de la Educación de la República Dominicana (MECERD) (Record no. 8957)

MARC details
000 -LEADER
campo de control de longitud fija 00397nam a2200133Ia 4500
001 - NÚMERO DE CONTROL
campo de control 1472
008 - DATOS DE LONGITUD FIJA--INFORMACIÓN GENERAL
campo de control de longitud fija 241024s9999 xx 000 0 und d
082 ## - NÚMERO DE LA CLASIFICACIÓN DECIMAL DEWEY
Número de clasificación RD/370.97293/U55p
100 ## - ENTRADA PRINCIPAL--NOMBRE DE PERSONA
Nombre de persona UNESCO
245 #0 - MENCIÓN DEL TÍTULO
Título Proyecto para el mejoramiento de la calidad de la Educación de la República Dominicana (MECERD)
260 ## - PUBLICACIÓN, DISTRIBUCIÓN, ETC.
Nombre del editor, distribuidor, etc. República Dominicana
Fecha de publicación, distribución, etc. 2008
901 ## - ELEMENTOS DE DATOS A LOCAL LDA (RLIN)
a 11/5/2011 2:03:56 p.m.

No items available.

© 2024. Todos los Derechos Reservados. Desarrollado por IDEICE